<?xml version="1.0" encoding="UTF-8"?>
<record
    xmlns:xsi="http://www.w3.org/2001/XMLSchema-instance"
    xsi:schemaLocation="http://www.loc.gov/MARC21/slim http://www.loc.gov/standards/marcxml/schema/MARC21slim.xsd"
    xmlns="http://www.loc.gov/MARC21/slim">

  <leader>00495nam a2200157Ia 4500</leader>
  <controlfield tag="008">100122s9999    xx            000 0 und d</controlfield>
  <datafield tag="082" ind1=" " ind2=" ">
    <subfield code="b">13929</subfield>
    <subfield code="a">327.1</subfield>
  </datafield>
  <datafield tag="100" ind1=" " ind2=" ">
    <subfield code="a">&#x92C;&#x921;&#x94B;&#x926;&#x947;&#x915;&#x930; &#x91C;&#x92F;&#x935;&#x902;&#x924;</subfield>
  </datafield>
  <datafield tag="245" ind1=" " ind2=" ">
    <subfield code="a">&#x92F;&#x941;&#x924;&#x93F;&#x936;&#x93F;&#x935;&#x93E;&#x92F; &#x917;&#x924;&#x940; &#x928;&#x93E;&#x939;&#x940;</subfield>
  </datafield>
  <datafield tag="250" ind1=" " ind2=" ">
    <subfield code="a">0</subfield>
  </datafield>
  <datafield tag="260" ind1=" " ind2=" ">
    <subfield code="b">&#x92C;.&#x928;&#x93E;.&#x91C;&#x94B;&#x917;</subfield>
    <subfield code="c">1966</subfield>
  </datafield>
  <datafield tag="300" ind1=" " ind2=" ">
    <subfield code="a">76</subfield>
  </datafield>
  <datafield tag="630" ind1=" " ind2=" ">
    <subfield code="a">&#x92F;&#x941;&#x924;&#x93F;&#x936;&#x93F;&#x935;&#x93E;&#x92F; &#x917;&#x924;&#x940; &#x928;&#x93E;&#x939;&#x940;</subfield>
  </datafield>
  <datafield tag="730" ind1=" " ind2=" ">
    <subfield code="a">&#x92F;&#x941;&#x924;&#x93F;&#x936;&#x93F;&#x935;&#x93E;&#x92F; &#x917;&#x924;&#x940; &#x928;&#x93E;&#x939;&#x940;</subfield>
  </datafield>
  <datafield tag="942" ind1=" " ind2=" ">
    <subfield code="c">BOOK</subfield>
  </datafield>
  <datafield tag="999" ind1=" " ind2=" ">
    <subfield code="c">404636</subfield>
    <subfield code="d">404633</subfield>
  </datafield>
</record>
